Global aspect of food production
שמור ב:
| פורמט: | ספר |
|---|---|
| שפה: | Undetermined |
| יצא לאור: |
India
Tycooly
1986
|
| נושאים: | |
| תגים: |
הוספת תג
אין תגיות, היה/י הראשונ/ה לתייג את הרשומה!
|
| Thư viện lưu trữ: | Trung tâm Học liệu Trường Đại học Cần Thơ |
|---|
| LEADER | 00435nam a2200157Ia 4500 | ||
|---|---|---|---|
| 001 | CTU_16271 | ||
| 008 | 210402s9999 xx 000 0 und d | ||
| 082 | |a 338.19 | ||
| 082 | |b G562 | ||
| 245 | 0 | |a Global aspect of food production | |
| 260 | |a India | ||
| 260 | |b Tycooly | ||
| 260 | |c 1986 | ||
| 650 | |a agriculture,food supply | ||
| 904 | |i Nguyễn Quang Điền, 970520 | ||
| 980 | |a Trung tâm Học liệu Trường Đại học Cần Thơ | ||